[Event "Bayamo Cespedes tt"]
[Site "Bayamo"]
[Date "2018.03.06"]
[Round "10.1"]
[White "Blanco Rodriguez, Roxana Salvador"]
[Black "Padrino Delgado, Leandro"]
[Result "0-1"]
[WhiteElo "1875"]
[BlackElo "1938"]
[PlyCount "66"]
[EventDate "2018.03.01"]
[EventType "team-tourn"]
[EventRounds "10"]
[EventCountry "CUB"]
[EventCategory "1"]
[SourceTitle "CBM 195 Extra"]
[Source "ChessBase"]
[SourceDate "2020.05.31"]
[SourceVersion "1"]
[SourceVersionDate "2020.05.31"]
[SourceQuality "1"]

1. e4 c5 2. Nf3 d6 3. d4 cxd4 4. Nxd4 Nf6 5. Nc3 a6 6. f3 e5 7. Nb3 Be6 8. Be3 Nbd7 9. Qd2 b5 10. g4 Be7 11. h4 Nb6 12. 0-0-0 Nc4 13. Bxc4 bxc4 14. Na1 Qa5 15. h5 Rb8 16. g5 Nd7 17. g6 Nf6 18. h6 Qb4 19. b3 fxg6 20. hxg7 Rg8 21. Bg5 Kf7 22. Bxf6 Bxf6 23. Rxh7 a5 24. Nd5 Qxd2+ 25. Kxd2 Bxd5 26. exd5 a4 27. Rh8 Kxg7 28. Rxg8+ Kxg8 29. Kc3 e4+ 30. Kxc4 exf3 31. Kd3 Re8 32. bxa4 f2 33. Kd2 Bc3+ 0-1

[Event "Bayamo Cespedes tt"]
[Site "Bayamo"]
[Date "2018.03.02"]
[Round "3.2"]
[White "Padrino Delgado, Leandro"]
[Black "Alfonso Ruisanchez, Laritza"]
[Result "1-0"]
[WhiteElo "1938"]
[BlackElo "1910"]
[PlyCount "61"]
[EventDate "2018.03.01"]
[EventType "team-tourn"]
[EventRounds "10"]
[EventCountry "CUB"]
[EventCategory "1"]
[SourceTitle "CBM 195 Extra"]
[Source "ChessBase"]
[SourceDate "2020.05.31"]
[SourceVersion "1"]
[SourceVersionDate "2020.05.31"]
[SourceQuality "1"]

1. e4 c5 2. Nf3 e6 3. d4 cxd4 4. Nxd4 Nc6 5. Nc3 a6 6. Be3 Qc7 7. Qd2 Nf6 8. f3 b5 9. 0-0-0 b4 10. Na4 d5 11. Nxc6 Qxc6 12. Nb6 Rb8 13. Nxc8 Rxc8 14. e5 Nd7 15. f4 Qa4 16. Kb1 Bc5 17. Bd3 Bxe3 18. Qxe3 Nc5 19. Rhf1 Nxd3 20. Qxd3 Rc5 21. f5 exf5 22. Qxf5 0-0 23. e6 f6 24. e7 Rfc8 25. Rxd5 Rxd5 26. Qxd5+ Kh8 27. b3 Qe8 28. Re1 g6 29. Qe6 Kg7 30. Qxc8 Qxc8 31. e8Q 1-0

[Event "Bayamo Cespedes tt"]
[Site "Bayamo"]
[Date "2018.03.01"]
[Round "2.2"]
[White "Machado Rojas, Gleidis Yisel"]
[Black "Padrino Delgado, Leandro"]
[Result "0-1"]
[WhiteElo "1817"]
[BlackElo "1938"]
[PlyCount "62"]
[EventDate "2018.03.01"]
[EventType "team-tourn"]
[EventRounds "10"]
[EventCountry "CUB"]
[EventCategory "1"]
[SourceTitle "CBM 195 Extra"]
[Source "ChessBase"]
[SourceDate "2020.05.31"]
[SourceVersion "1"]
[SourceVersionDate "2020.05.31"]
[SourceQuality "1"]

1. d4 Nf6 2. Nf3 g6 3. Bf4 Bg7 4. e3 0-0 5. h3 d6 6. Be2 Nbd7 7. 0-0 c5 8. c3 b6 9. Nbd2 Bb7 10. Qa4 a6 11. Rac1 b5 12. Qb3 Qb6 13. a4 c4 14. Qc2 d5 15. Ra1 Bc6 16. axb5 axb5 17. b3 Ra6 18. bxc4 bxc4 19. Rab1 Qa7 20. Rb4 Ra8 21. Rfb1 Ra2 22. R4b2 Rxb2 23. Rxb2 Qa4 24. Qc1 Bf8 25. Ne5 Nxe5 26. Bxe5 Nd7 27. Bf4 e5 28. Bxe5 Ba3 29. Qb1 Bxb2 30. Qxb2 Qa1+ 31. Qxa1 Rxa1+ 0-1